00406nam a2200157Ia 4500003000400000005001700004008004100021040001800062041000800080082002100088100002000109245004100129250001200170260003800182300002800220OSt20250106103237.0210716s1968 xx 000 0 und d cAIMIT LIBRARY aeng a808.83 21bHUXA aHuxley, Aldous. aBrave new world /cBy Aldous Huxley. a1st ed. aNew York :bBantam books ;c1968. axiv,176p. ;bPBc18 cm.